| 000 | 00517pam a2200193 a 4500 | ||
|---|---|---|---|
| 020 | _c | ||
| 040 | _aMedical College Lib. | ||
| 041 |
_aENG _hENG |
||
| 082 |
_a610.696 _bELD |
||
| 100 | _aPouchelle, Marie-Christine . | ||
| 245 |
_aThe Body & Surgery in the Middle Ages / _c _hTextual Documents |
||
| 260 |
_a : _bPolity Press Basil Blackwell , _c1990. |
||
| 300 |
_a134 ; _c |
||
| 365 | _a50=00 | ||
| 653 | _aMedical Science | ||
| 930 | _a3357 | ||
| 999 |
_c3356 _d3356 |
||